| 000 | 01844nam a2200433Ia 4500 | ||
|---|---|---|---|
| 001 | ebr10057407 | ||
| 003 | CaPaEBR | ||
| 006 | m u | ||
| 007 | cr cn||||||||| | ||
| 008 | 010328s2001 enk sb 001 0 eng d | ||
| 010 | _z 2001033108 | ||
| 015 | _aGBA1-X5052 | ||
| 020 | _z0333720148 (acid-free paper) | ||
| 020 | _z0333720156 (pbk.) | ||
| 040 |
_aCaPaEBR _cCaPaEBR |
||
| 035 | _a(OCoLC)57596449 | ||
| 050 | 1 | 4 |
_aPR888.M95 _bS45 2001eb |
| 082 | 0 | 4 |
_a820.9/15/08209045 _221 |
| 100 | 1 | _aSellers, Susan. | |
| 245 | 1 | 0 |
_aMyth and fairy tale in contemporary women's fiction _h[electronic resource] / _cSusan Sellers. |
| 260 |
_aHoundmills, Basingstoke ; _aNew York : _bPalgrave, _c2001. |
||
| 300 | _aix, 198 p. | ||
| 504 | _aIncludes bibliographical references (p. 183-192) and index. | ||
| 533 |
_aElectronic reproduction. _bPalo Alto, Calif. : _cebrary, _d2009. _nAvailable via World Wide Web. _nAccess may be limited to ebrary affiliated libraries. |
||
| 650 | 0 |
_aEnglish fiction _y20th century _xHistory and criticism. |
|
| 650 | 0 | _aMyth in literature. | |
| 650 | 0 |
_aWomen and literature _zGreat Britain _xHistory _y20th century. |
|
| 650 | 0 |
_aWomen and literature _zUnited States _xHistory _y20th century. |
|
| 650 | 0 |
_aAmerican fiction _xWomen authors _xHistory and criticism. |
|
| 650 | 0 |
_aEnglish fiction _xWomen authors _xHistory and criticism. |
|
| 650 | 0 |
_aAmerican fiction _y20th century _xHistory and criticism. |
|
| 650 | 0 |
_aFairy tales _xAdaptation _xHistory and criticism. |
|
| 650 | 0 |
_aFeminist fiction _xHistory and criticism. |
|
| 650 | 0 | _aFeminism in literature. | |
| 650 | 0 | _aWomen in literature. | |
| 655 | 7 |
_aElectronic books. _2local |
|
| 710 | 2 | _aebrary, Inc. | |
| 856 | 4 | 0 |
_uhttp://site.ebrary.com/lib/rucke/Doc?id=10057407 _zAn electronic book accessible through the World Wide Web; click to view |
| 999 |
_c71708 _d71708 |
||